000 01105cam a22002651i 4500
003 SA-RiAUC
005 20250928084108.0
008 250925s1991 sy g 00000bara c
040 _aSA-RiAUC
_bara
_cSA-RiAUC
_erda
082 0 4 _a229.5
090 _a229.5
_bع ل ي
100 1 _aعلي القاري، علي بن محمد الهروي،
_cالملا،
_dتوفي 1014 هجري
_eمؤلف.
245 1 2 _aالحذر في أمر الخضر /
_cالملا علي بن سلطان محمد القاري الهروي ؛ حققه وعلق عليه محمد خير رمضان يوسف.
250 _aالطبعة الأولى.
264 1 _aدمشق :
_bدار القلم،
_c1991
300 _a212 صفحة ؛
_c20سم
336 _aنص
_btxt
_2rdacontent
_3كتاب
337 _aبدون وسيط
_bn
_2rdamedia
338 _aمجلد
_bnc
_2rdacarrier
600 0 7 _aالخضر (عليه السلام)
_2aucnm
650 7 _aقصص الأنبياء
_2aucsh
700 1 _aيوسف، محمد خير رمضان،
_d1956-
_eمحقق.
942 _2ddc
_cBOOK
_n0
949 _aSA-JeALM
_d250925
_umohamedma123
_n1
999 _c12146
_d12146